| 000 | 00653nam a2200229 i 4500 | ||
|---|---|---|---|
| 001 | 13487 | ||
| 003 | ES-MaACL | ||
| 005 | 20231129062932.0 | ||
| 007 | t| | ||
| 008 | 980421s1997 sp ||||1| spa d | ||
| 020 | _a84-87958-24-9 | ||
| 080 | _a821.134.2-14"19" | ||
| 100 | 1 |
_aOrihuela, Antonio, _d1965- _987257 |
|
| 245 | 1 | 0 |
_aEdad de hierro / _cAntonio Orihuela. |
| 260 |
_aGijón : _bAteneo Obrero de Gijón, _c1997. |
||
| 300 |
_a83 p. ; _c21 cm. |
||
| 490 | 1 |
_aZigurat ; _v3 |
|
| 710 | 2 |
_aAteneo Obrero de Gijón. _92052 |
|
| 830 | 0 |
_aZigurat ; _v3 _9228425 |
|
| 852 |
_aES-MaACL _jL-20806 _bR.126484 |
||
| 999 |
_c13487 _d13487 |
||